[Event "51st Ilmar Raud Olympic"]
[Site "Viljandi EST"]
[Date "2017.07.01"]
[Round "3.2"]
[White "Shvyrjov,I"]
[Black "Shirov,A"]
[Result "0-1"]
[WhiteElo "2389"]
[BlackElo "2656"]

1.d4 d5 2.Bg5 h6 3.Bh4 c5 4.dxc5 g5 5.Bg3 Bg7 6.c3 Na6 7.Nf3 Nxc5 8.Be5 Nf6
9.e3 O-O 10.h4 g4 11.Nd4 Nh5 12.Bxg7 Nxg7 13.Nd2 e5 14.N4b3 b6 15.Be2 f5
16.g3 Bb7 17.O-O Kh8 18.Nxc5 bxc5 19.b4 c4 20.e4 fxe4 21.Bxg4 a5 22.b5 Qb6
23.a4 e3 24.Nf3 Rae8 25.Qe2 d4 26.fxe3 d3 27.Qe1 h5 28.Nxe5 Rxf1+  0-1

[Event "51st Ilmar Raud Olympic"]
[Site "Viljandi EST"]
[Date "2017.07.01"]
[Round "3.1"]
[White "Shirov,A"]
[Black "Shvyrjov,I"]
[Result "1-0"]
[WhiteElo "2656"]
[BlackElo "2389"]

1.e4 c6 2.d4 g6 3.f4 Bg7 4.Nf3 d6 5.Bd3 Bg4 6.c3 e5 7.dxe5 dxe5 8.h3 Bxf3
9.Qxf3 exf4 10.Bxf4 Nd7 11.O-O Qe7 12.Nd2 Ne5 13.Bxe5 Bxe5 14.Nc4 O-O-O 15.Qxf7 Qc5+
16.Kh1 Bc7 17.Rad1 b5 18.b4 Qg5 19.Qe6+ Kb8 20.Na5 Ne7 21.Qxe7 Qg3 22.Nxc6+ Kb7
23.Nxd8+ Rxd8 24.e5  1-0

[Event "51st Ilmar Raud Olympic"]
[Site "Viljandi EST"]
[Date "2017.07.01"]
[Round "4.2"]
[White "Stremavicius,T"]
[Black "Shirov,A"]
[Result "0-1"]
[WhiteElo "2434"]
[BlackElo "2656"]

1.Nf3 d5 2.g3 g6 3.Bg2 Bg7 4.O-O Nf6 5.c4 c6 6.d4 O-O 7.Qb3 Qb6 8.Nc3 Bf5
9.Nh4 Be6 10.c5 Qa6 11.f4 b6 12.cxb6 axb6 13.f5 Bxf5 14.Nxf5 gxf5 15.Rxf5 e6
16.Rf4 c5 17.e3 Nc6 18.Bf1 c4 19.Qc2 b5 20.Qf2 Nd7 21.Rh4 f5 22.Ne2 Nf6 23.Nf4 Ne4
24.Qe2 Rf6 25.Nh5 Rh6 26.Bg2 Nb4 27.Nxg7 Kxg7 28.Rxh6 Kxh6 29.Bxe4 dxe4 30.Qf2 Nd3
31.Qg2 Ne1 32.Qh3+ Kg6 33.Kf2 Nf3 34.g4 Qd6 35.Qh5+ Kg7 36.Kg2 Rg8 37.a4 Kh8  0-1

[Event "51st Ilmar Raud Olympic"]
[Site "Viljandi EST"]
[Date "2017.07.01"]
[Round "4.1"]
[White "Shirov,A"]
[Black "Stremavicius,T"]
[Result "1/2-1/2"]
[WhiteElo "2656"]
[BlackElo "2434"]

1.e4 c5 2.Nf3 Nc6 3.d4 cxd4 4.Nxd4 Nf6 5.Nc3 d6 6.Bg5 e6 7.Qd2 Qb6 8.O-O-O Qxd4
9.Qxd4 Nxd4 10.Rxd4 a6 11.Be2 Bd7 12.Rhd1 Bc6 13.f3 Be7 14.Bh4 O-O-O 15.Bg3 d5
16.exd5 Nxd5 17.Nxd5 Bxd5 18.c4 Bc6 19.Be5 f6 20.Rxd8+ Rxd8 21.Bc3 Rxd1+
22.Kxd1 e5 23.Bd3 g6 24.Ke2 Kd7 25.b4 Ke6 26.Be4 f5 27.Bxc6 bxc6 28.Kd3 h5
29.a4 Bf8 30.h3 Be7 31.b5 cxb5 32.cxb5 axb5 33.axb5 Kd5 34.b6 Bd6 35.b7 Bb8
36.Bb4 Ba7 37.Be7 e4+ 38.fxe4+ fxe4+ 39.Kc3 Kc6 40.Kc4 Kxb7 41.Kd5 e3 42.Bh4 e2
43.Be1 g5 44.Ke4 Kc6 45.Kf3 Kd5 46.Bd2 Ke6 47.Kxe2 Kf5  1/2-1/2

[Event "51st Ilmar Raud Olympic"]
[Site "Viljandi EST"]
[Date "2017.07.02"]
[Round "5.2"]
[White "Shirov,A"]
[Black "Ladva,O"]
[Result "1-0"]
[WhiteElo "2656"]
[BlackElo "2531"]

1.e4 c5 2.Nf3 e6 3.d4 cxd4 4.Nxd4 Nc6 5.Nc3 d6 6.g4 Nge7 7.Be3 a6 8.f4 b5
9.Nb3 Bb7 10.Qf3 Nb4 11.O-O-O Ng6 12.g5 h5 13.gxh6 Rxh6 14.f5 Ne5 15.Qg3 Qh4
16.Bxh6 Qxh6+ 17.Kb1 Nxc2 18.fxe6 fxe6 19.Kxc2 b4 20.Na5 bxc3 21.Nxb7 cxb2
22.Kxb2 Qf6 23.Kb1 g6 24.Be2 Bg7 25.Rhf1 Nf3 26.e5 Qf5+ 27.Bd3  1-0

[Event "51st Ilmar Raud Olympic"]
[Site "Viljandi EST"]
[Date "2017.07.02"]
[Round "5.1"]
[White "Ladva,O"]
[Black "Shirov,A"]
[Result "0-1"]
[WhiteElo "2531"]
[BlackElo "2656"]

1.Nf3 d5 2.g3 g6 3.Bg2 Bg7 4.d4 Nf6 5.O-O O-O 6.c4 c6 7.b3 Ne4 8.Bb2 Bf5
9.e3 Nd7 10.Nc3 Nxc3 11.Bxc3 Be4 12.Rc1 dxc4 13.bxc4 c5 14.Qb3 e6 15.Rfd1 cxd4
16.exd4 Qc7 17.Bb2 Rac8 18.Qe3 Bc6 19.Ba3 Rfe8 20.Re1 Nb6 21.Bc5 Na4 22.Ba3 Qa5
23.Ne5 Bxg2 24.Kxg2 Nb6 25.Qf3 f6 26.Ng4 Nxc4 27.Bc5 f5 28.Qxb7 fxg4 29.Rxe6 Qxa2
30.Rce1 Qa4 31.Qd5 Kh8 32.Rxe8+ Rxe8 33.Rxe8+ Qxe8 34.Qxc4 Qe4+ 35.Kg1 Qe1+
36.Kg2 Qe4+ 37.Kg1 Qe1+ 38.Qf1 Qxf1+ 39.Kxf1 a5 40.Ke2 Kg8 41.Kd3 Kf7 42.d5 Bf8
43.Bb6 a4 44.Kc4 Kf6 45.Bd4+ Kf5 46.Be3 Ke4 47.Bf4 a3 48.d6 a2 49.d7 Be7
50.Bd6 Bd8  0-1

[Event "51st Ilmar Raud Olympic"]
[Site "Viljandi EST"]
[Date "2017.07.02"]
[Round "6.1"]
[White "Shirov,A"]
[Black "Kulaots,K"]
[Result "1-0"]
[WhiteElo "2656"]
[BlackElo "2573"]

1.d4 Nf6 2.c4 g6 3.Nc3 d5 4.cxd5 Nxd5 5.Bd2 Bg7 6.e4 Nxc3 7.Bxc3 O-O 8.Qd2 c5
9.d5 e6 10.Bc4 Bxc3 11.bxc3 b5 12.Bxb5 exd5 13.exd5 Bb7 14.c4 Nd7 15.Bxd7 Qxd7
16.Ne2 Qg4 17.O-O Qxc4 18.Nc3 Rad8 19.Rad1 Rfe8 20.Rfe1 Qd4 21.Rxe8+ Rxe8
22.Qc1 Qe5 23.h3 h5 24.Qd2 Kg7 25.Qd3 Rd8 26.Qc4 Ba6 27.Qxc5 Rc8 28.Qxa7 Rxc3
29.Qxa6 Rc2 30.d6 Qf6 31.Qa7 Qf4 32.Qd4+ Qxd4 33.Rxd4 Rc8 34.d7 Rd8 35.a4 Kf8
36.a5 Ke7 37.a6  1-0

[Event "51st Ilmar Raud Olympic"]
[Site "Viljandi EST"]
[Date "2017.07.02"]
[Round "6.2"]
[White "Kulaots,K"]
[Black "Shirov,A"]
[Result "0-1"]
[WhiteElo "2573"]
[BlackElo "2656"]

1.e4 e5 2.Nf3 Nc6 3.Bb5 a6 4.Ba4 Nf6 5.O-O b5 6.Bb3 Bc5 7.a4 Rb8 8.c3 d6
9.d4 Bb6 10.Na3 O-O 11.axb5 axb5 12.Nxb5 Bg4 13.Re1 Bxf3 14.gxf3 Nh5 15.f4 Qh4
16.Qf3 exd4 17.e5 dxc3 18.bxc3 dxe5 19.fxe5 Bxf2+ 20.Qxf2 Qxf2+ 21.Kxf2 Rxb5
22.Ba4 Ra5 23.Ba3 Rxa4 24.Bxf8 Rf4+ 25.Kg2 Kxf8 26.e6 fxe6 27.Rxe6 Rc4 28.Rf1+ Nf6
29.Rf3 Kf7 30.Re2 Ne7 31.Rd2 Ng6 32.Kf1 Ne5 33.Re3 Rf4+  0-1

[Event "2nd Stars Cup Blitz 2017"]
[Site "Bandar-e Anzali IRI"]
[Date "2017.07.11"]
[Round "1.4"]
[White "Shirov,A"]
[Black "Mosadeghpour,Masoud"]
[Result "1/2-1/2"]
[WhiteElo "2656"]
[BlackElo "2469"]

1.d4 Nf6 2.c4 g6 3.Nc3 d5 4.cxd5 Nxd5 5.Bd2 Nb6 6.e3 Bg7 7.f4 O-O 8.Nf3 c5
9.dxc5 N6d7 10.b4 a5 11.a3 axb4 12.axb4 Rxa1 13.Qxa1 e5 14.Bc4 Nc6 15.Qb1 exf4
16.exf4 Qe7+ 17.Kd1 b6 18.Re1 Qd8 19.Ne4 Nf6 20.Nd6 bxc5 21.bxc5 Bg4 22.Bxf7+ Kh8
23.Bc4 Qd7 24.Qa2 h6 25.Be6 Qc7 26.Bxg4 Nxg4 27.Qe6 Nf6 28.Nh4 Kh7 29.Nxg6 Ra8
30.Qf5 Ra1+ 31.Bc1 Kg8 32.Qe6+ Kh7 33.Qf5 Kg8 34.Ne5 Nd4 35.Qc8+ Qxc8 36.Nxc8 Nd5
37.c6 Ra2 38.Bd2 Ra1+ 39.Bc1 Ra2 40.Bd2 Ra1+ 41.Bc1 Ra2 42.Bd2  1/2-1/2

[Event "2nd Stars Cup Blitz 2017"]
[Site "Bandar-e Anzali IRI"]
[Date "2017.07.11"]
[Round "2.4"]
[White "Shirov,A"]
[Black "Tabatabaei,M"]
[Result "1-0"]
[WhiteElo "2656"]
[BlackElo "2509"]

1.e4 e5 2.Nf3 Nc6 3.Bb5 Nf6 4.O-O Nxe4 5.Re1 Nd6 6.Nxe5 Be7 7.Bf1 Nxe5 8.Rxe5 O-O
9.Nc3 Ne8 10.Nd5 Bd6 11.Re2 c6 12.Ne3 Bc7 13.Nf5 d5 14.Ne7+ Kh8 15.Nxc8 Rxc8
16.d3 Qd7 17.g3 Nf6 18.Bg5 Qf5 19.Qd2 h6 20.Be3 a6 21.Rae1 Rfe8 22.Bxh6 gxh6
23.Qxh6+ Kg8 24.Bh3 Qg6 25.Qxg6+ fxg6 26.Bxc8 Rxc8 27.Re7 Kf8 28.R1e6 Ng4
29.Rh7 Kg8 30.Rd7 Ne5 31.Rxc7 Rxc7 32.Rxe5 Kg7 33.f4 a5 34.a4 b5 35.axb5 cxb5
36.Rxd5 b4 37.c3 bxc3 38.bxc3 Rxc3 39.Rxa5 Rxd3 40.Kg2 Rd2+ 41.Kh3 Kh6 42.f5 Rf2
43.fxg6 Kxg6 44.g4 Rc2 45.Kg3 Kh6 46.Ra6+ Kg7 47.h3 Rc5 48.Kh4 Rc3 49.g5 Rd3
50.Kg4 Rd4+ 51.Kh5 Kg8 52.Ra7 Rc4 53.h4 Rb4 54.g6 Rc4 55.Kg5 Rb4 56.h5 Rb8
57.Ra5 Rc8 58.h6 Rb8 59.h7+  1-0

[Event "2nd Stars Cup Blitz 2017"]
[Site "Bandar-e Anzali IRI"]
[Date "2017.07.11"]
[Round "3.4"]
[White "Pourramezanali,A"]
[Black "Shirov,A"]
[Result "0-1"]
[WhiteElo "2505"]
[BlackElo "2656"]

1.e4 e5 2.Nf3 Nc6 3.Bc4 Bc5 4.c3 Nf6 5.d3 O-O 6.Nbd2 d5 7.exd5 Nxd5 8.Ne4 Be7
9.O-O Nb6 10.Bb3 Bg4 11.Re1 Kh8 12.Ng3 f5 13.h3 Bxf3 14.Qxf3 Bd6 15.Qh5 Qd7
16.Bd2 e4 17.d4 e3 18.Bxe3 f4 19.Bc2 g6 20.Bxg6 fxg3 21.fxg3 Bxg3 22.Rf1 Nd5
23.Bg5 Nf4 24.Bxf4 Bxf4 25.Kh1 Qg7 26.Be4 Rf6 27.Rf2 Raf8 28.Raf1 h6 29.Rf3 Bd6
30.Qd5 Rxf3 31.Rxf3 Rxf3 32.Bxf3 Qg3  0-1

[Event "2nd Stars Cup Blitz 2017"]
[Site "Bandar-e Anzali IRI"]
[Date "2017.07.11"]
[Round "4.4"]
[White "Shirov,A"]
[Black "Mousavi,Se"]
[Result "1-0"]
[WhiteElo "2656"]
[BlackElo "2424"]

1.d4 d5 2.c4 e6 3.Nc3 Be7 4.cxd5 exd5 5.Bf4 Nf6 6.e3 O-O 7.Bd3 b6 8.Nf3 c5
9.Ne5 Bb7 10.Qf3 Nc6 11.O-O-O cxd4 12.Nxc6 Bxc6 13.exd4 b5 14.Kb1 b4 15.Ne2 Ne4
16.Ng3 f5 17.Be5 Qd7 18.Nh5 g6 19.Nf4 Ba4 20.Bc2 Bxc2+ 21.Kxc2 Rfc8+ 22.Kb1 Rc4
23.Qe3 Qb5 24.Ka1 Rac8 25.f3 Nc3 26.bxc3 bxc3 27.Rb1 Qa5 28.Bd6 Bf6 29.Qe6+ Kg7
30.Rb7+ R8c7 31.Bxc7 Bxd4  1-0

[Event "2nd Stars Cup Blitz 2017"]
[Site "Bandar-e Anzali IRI"]
[Date "2017.07.11"]
[Round "5.4"]
[White "Maghsoodloo,Parham"]
[Black "Shirov,A"]
[Result "1-0"]
[WhiteElo "2584"]
[BlackElo "2656"]

1.d4 d5 2.Nf3 Nf6 3.g3 g6 4.Bg2 Bg7 5.O-O O-O 6.Nbd2 c5 7.c4 cxd4 8.Nxd4 e5
9.N4b3 d4 10.c5 Nc6 11.Nc4 Be6 12.Bxc6 bxc6 13.Nxe5 Bh3 14.Nxc6 Qd7 15.Ncxd4 Bxf1
16.Qxf1 Ne4 17.Be3 Rfe8 18.c6 Qd5 19.Rc1 Rac8 20.Qd1 a5 21.a4 Bf8 22.Qd3 Bb4
23.Nb5 Qh5 24.c7 Nf6 25.f3 Qe5 26.Bd4 Qe6 27.e4 Nd7 28.Qc4 Qe7 29.Na7 Ne5
30.Nxc8 Nxf3+ 31.Kf2 Qxe4 32.Ne7+ Qxe7 33.c8=Q Be1+ 34.Kg2 Nh4+ 35.Kh3 Nf3
36.Qxe8+ Qxe8 37.Qc8  1-0

[Event "2nd Stars Cup Blitz 2017"]
[Site "Bandar-e Anzali IRI"]
[Date "2017.07.11"]
[Round "6.4"]
[White "Shirov,A"]
[Black "Firouzja,Alireza"]
[Result "1-0"]
[WhiteElo "2656"]
[BlackElo "2499"]

1.e4 e5 2.Nf3 Nc6 3.Bb5 a6 4.Ba4 d6 5.d4 b5 6.Bb3 Nxd4 7.Nxd4 exd4 8.c3 d3
9.Qxd3 Nf6 10.a4 Bd7 11.O-O Be7 12.Bf4 O-O 13.Nd2 Bc6 14.axb5 axb5 15.Rxa8 Qxa8
16.Bc2 Re8 17.b4 g6 18.f3 Bf8 19.Nb3 Bd7 20.Na5 Bg7 21.Bb3 Qb8 22.Re1 Be6
23.Bxe6 fxe6 24.Kf1 Nd7 25.c4 bxc4 26.Qxc4 Qb6 27.Nc6 Rf8 28.Be3 d5 29.exd5 Qb7
30.dxe6 Nf6 31.e7+ Rf7 32.Qxf7+  1-0

[Event "2nd Stars Cup Blitz 2017"]
[Site "Bandar-e Anzali IRI"]
[Date "2017.07.11"]
[Round "7.4"]
[White "Ghaem Maghami,E"]
[Black "Shirov,A"]
[Result "0-1"]
[WhiteElo "2556"]
[BlackElo "2656"]

1.e4 e5 2.Nf3 Nc6 3.Bb5 a6 4.Ba4 Nf6 5.Qe2 b5 6.Bb3 Bc5 7.c3 O-O 8.O-O d6
9.d3 h6 10.Be3 Bxe3 11.Qxe3 Ne7 12.d4 Ng6 13.Nbd2 Qe7 14.a4 Bb7 15.h3 Nxe4
16.Nxe4 exd4 17.Nxd4 Qxe4 18.Qxe4 Bxe4 19.Rfe1 bxa4 20.Bxf7+ Rxf7 21.Rxe4 Rb8
22.Re2 c5 23.Nc6 Rc8 24.Na5 c4 25.Rxa4 d5 26.Rd2 Nf4 27.b3 cxb3 28.Nxb3 Rxc3
29.Nd4 Rf6 30.Kh2 Nd3 31.Nf3 Nc5 32.Raa2 Rd6 33.Nd4 Nb3 34.Nxb3 Rxb3 35.Ra4 Rb5
36.Rda2 Rbb6 37.Ra5 d4 38.Rd2 Rb5 39.Ra4 Rbd5 40.Kg1 d3 41.f3 Kf7 42.Kf2 a5
43.Ra3 Ke7 44.Ke3 Kd7 45.Rc3 a4 46.Rcxd3 Rxd3+ 47.Rxd3 Rxd3+ 48.Kxd3 Kd6
49.Kc4 Ke5 50.g3 a3 51.Kb3 Kd4 52.Kxa3 Ke3 53.Kb4 Kxf3 54.Kc5 Kxg3 55.Kd4 Kxh3  0-1

[Event "2nd Stars Cup 2017"]
[Site "Bandar-e Anzali IRI"]
[Date "2017.07.12"]
[Round "1.3"]
[White "Shirov,A"]
[Black "Ghaem Maghami,E"]
[Result "1-0"]
[WhiteElo "2656"]
[BlackElo "2556"]

1.e4 c6 2.d4 d5 3.e5 c5 4.Ne2 Nc6 5.c3 e6 6.g3 Qb6 7.Bh3 Bd7 8.O-O a5 9.a4 Nh6
10.Bxh6 gxh6 11.Na3 O-O-O 12.Nb5 Kb8 13.Qd2 cxd4 14.cxd4 Na7 15.Nbc3 Qb4
16.Qf4 Qe7 17.Nxd5 exd5 18.e6+ Ka8 19.exd7 Qxe2 20.Rfe1 Qa6 21.Qxf7 Bb4 22.Re8 Qg6
23.Rxh8 Rxh8 24.Qxd5 Nc6 25.Rc1 Qf6 26.Qe6 Qxe6 27.Bxe6 Rf8 28.d5 Nd8 29.f4 Be7
30.Rc8+ Ka7 31.Kg2 b6 32.f5 Bd6 33.Kh3 Kb7 34.Kg4 b5 35.axb5 a4 36.Rc4 Kb6
37.Rxa4 Kxb5 38.b3 Nb7 39.Kh5 Nc5 40.Rg4 Rd8 41.Rg7 Ne4 42.Kxh6 Bf8 43.Kxh7 Kc5
44.Kg6 Bxg7 45.Kxg7 Kd6 46.f6 Nc5 47.f7 Ke7 48.h4  1-0

[Event "2nd Stars Cup 2017"]
[Site "Bandar-e Anzali IRI"]
[Date "2017.07.13"]
[Round "2.3"]
[White "Tabatabaei,M"]
[Black "Shirov,A"]
[Result "1/2-1/2"]
[WhiteElo "2509"]
[BlackElo "2656"]

1.d4 d5 2.c4 c6 3.Nf3 Nf6 4.e3 Bg4 5.cxd5 Bxf3 6.Qxf3 cxd5 7.Nc3 e6 8.Bd3 Nc6
9.Bd2 Be7 10.O-O O-O 11.Rad1 Rc8 12.e4 Nxd4 13.Qh3 dxe4 14.Nxe4 g6 15.Ng5 Qd5
16.Be3 Rfd8 17.Bxg6 Ne2+ 18.Kh1 Qxd1 19.Bxh7+ Kf8 20.Nxe6+ Ke8 21.Ng7+ Kf8
22.Ne6+ Ke8 23.Ng7+  1/2-1/2

[Event "2nd Stars Cup 2017"]
[Site "Bandar-e Anzali IRI"]
[Date "2017.07.14"]
[Round "3.3"]
[White "Shirov,A"]
[Black "Mousavi,Se"]
[Result "1/2-1/2"]
[WhiteElo "2656"]
[BlackElo "2424"]

1.e4 e6 2.d4 d5 3.e5 c5 4.c3 Nc6 5.Nf3 Qb6 6.a3 Nh6 7.b4 cxd4 8.Bxh6 gxh6
9.cxd4 Bd7 10.Ra2 Ne7 11.Bd3 a5 12.b5 Ng6 13.Qd2 Bg7 14.h4 h5 15.Nc3 O-O
16.Ne2 f6 17.exf6 Rxf6 18.a4 Qd6 19.Bxg6 Rxg6 20.Nf4 Rg4 21.g3 Rf8 22.Kd1 Rgxf4
23.gxf4 Rxf4 24.Rh3 Qf8 25.Ne5 Qf5 26.Rg3 Qb1+ 27.Ke2 Re4+ 28.Re3 Bxe5 29.dxe5 d4
30.Rxe4 Qxe4+ 31.Kd1 Qb1+ 32.Qc1 Qxa2 33.Qg5+ Kf8 34.Qf6+ Ke8 35.Qh8+ Ke7
36.Qf6+  1/2-1/2

[Event "2nd Stars Cup 2017"]
[Site "Bandar-e Anzali IRI"]
[Date "2017.07.15"]
[Round "4.3"]
[White "Shirov,A"]
[Black "Firouzja,Alireza"]
[Result "1/2-1/2"]
[WhiteElo "2656"]
[BlackElo "2499"]

1.e4 e5 2.Nf3 Nc6 3.Bb5 a6 4.Ba4 Nf6 5.O-O Be7 6.Re1 b5 7.Bb3 d6 8.c3 O-O
9.h3 Re8 10.d4 Bb7 11.Nbd2 Bf8 12.a4 h6 13.Bc2 exd4 14.cxd4 Nb4 15.Bb1 c5
16.d5 Nd7 17.Ra3 f5 18.g4 fxg4 19.hxg4 c4 20.Nf1 Nc5 21.g5 Nbd3 22.Bxd3 Nxd3
23.Rxd3 cxd3 24.Qxd3 Qd7 25.gxh6 gxh6 26.Ng3 Qh3 27.e5 Re7 28.exd6 Rxe1+
29.Nxe1 Qg4 30.Ng2 Bxd6 31.Nf5 Bf8 32.Bxh6 Rc8 33.axb5 axb5 34.f3 Qb4 35.d6 Bxh6
36.Nxh6+ Kg7 37.Nf5+ Kf8 38.Nfe3 Kg7 39.Nf5+ Kf8 40.Nfe3 Kg7 41.d7 Rd8 42.Nh4 Kf6
43.Ng6 Ke6 44.Kf2 Qxb2+ 45.Kg3 Qg7 46.f4 Kf7 47.Qf5+ Qf6 48.Ne5+ Ke7 49.Ng6+ Kf7
50.Ne5+ Ke7 51.Qh7+ Kd6 52.Qd3+ Kc7 53.Qxb5 Qg7+ 54.N3g4 Rxd7 55.f5 Rd8 56.f6 Qf8
57.Qa5+ Kc8 58.Qb6 Qd6 59.Qxd6 Rxd6 60.f7 Rd8 61.Ng6 Bd5 62.f8=Q  1/2-1/2

[Event "2nd Stars Cup 2017"]
[Site "Bandar-e Anzali IRI"]
[Date "2017.07.16"]
[Round "5.3"]
[White "Mosadeghpour,Masoud"]
[Black "Shirov,A"]
[Result "0-1"]
[WhiteElo "2469"]
[BlackElo "2656"]

1.e4 e5 2.Nf3 Nc6 3.Bb5 a6 4.Ba4 Nf6 5.O-O b5 6.Bb3 Bc5 7.Nxe5 Nxe5 8.d4 Bxd4
9.Qxd4 d6 10.f4 c5 11.Qd2 c4 12.fxe5 Qb6+ 13.Qe3 Qxe3+ 14.Bxe3 dxe5 15.Bxc4 bxc4
16.Nc3 Rb8 17.b3 Bb7 18.Rf5 O-O 19.Bc5 Rfe8 20.Re1 cxb3 21.cxb3 Nd7 22.Bb4 f6
23.Rf2 Nf8 24.Rd2 Ne6 25.Ba5 Rec8 26.Nd5 Bxd5 27.exd5 Nf8 28.Re4 Rb5 29.b4 Nd7
30.Ree2 Kf7 31.a4 Rc1+ 32.Kf2 Rb8 33.d6 Ke6 34.Rc2 Ra1 35.Rc7 Rxa4 36.Rec2 Rb5
37.Rc8 Rd5 38.Re8+ Kf5 39.Bc7 Rxb4 40.Re7 Nc5 41.Rxg7 h5 42.h3 Ne4+ 43.Kf3 Rb3+
44.Ke2 Kf4 45.g3+ Nxg3+ 46.Kf2 Ne4+ 47.Kg2 Rbd3  0-1

[Event "2nd Stars Cup 2017"]
[Site "Bandar-e Anzali IRI"]
[Date "2017.07.17"]
[Round "6.3"]
[White "Shirov,A"]
[Black "Maghsoodloo,Parham"]
[Result "1/2-1/2"]
[WhiteElo "2656"]
[BlackElo "2584"]

1.e4 g6 2.d4 Bg7 3.Nc3 c6 4.f4 Qb6 5.Nf3 d5 6.e5 Bg4 7.Be2 Nh6 8.Na4 Qc7
9.Nc5 Nf5 10.c3 Nd7 11.Nxd7 Qxd7 12.Ng5 Bxe2 13.Qxe2 e6 14.g4 Ne7 15.O-O h6
16.Nf3 O-O-O 17.Be3 Kb8 18.Bf2 Nc8 19.Bh4 Rdg8 20.a4 Ka8 21.Kg2 Rh7 22.h3 Bf8
23.b4 Nb6 24.Nd2 h5 25.Bf6 hxg4 26.hxg4 Be7 27.a5 Nc4 28.Nxc4 dxc4 29.Rh1 Rxh1
30.Rxh1 Bxf6 31.exf6 g5 32.Qe5 gxf4 33.Kf3 c5 34.bxc5 Qa4 35.a6 Qxa6 36.Kxf4 Qa2
37.Qe3 Rxg4+ 38.Kxg4 Qg2+ 39.Qg3 Qxh1 40.Qc7 Qg2+  1/2-1/2

[Event "2nd Stars Cup 2017"]
[Site "Bandar-e Anzali IRI"]
[Date "2017.07.18"]
[Round "7.3"]
[White "Idani,P"]
[Black "Shirov,A"]
[Result "1-0"]
[WhiteElo "2578"]
[BlackElo "2656"]

1.e4 e5 2.Nf3 Nc6 3.Bb5 a6 4.Ba4 Nf6 5.O-O Be7 6.Re1 b5 7.Bb3 O-O 8.c3 d6
9.d4 Bg4 10.Be3 Bh5 11.Nbd2 Na5 12.dxe5 dxe5 13.h3 Qd6 14.Bc2 c5 15.Qe2 Rfd8
16.Nf1 Nc4 17.Bc1 Qc7 18.Ng3 Bxf3 19.Qxf3 g6 20.Nf1 Rd6 21.a4 b4 22.Qe2 Na5
23.Nd2 bxc3 24.bxc3 c4 25.Rb1 Rd7 26.g3 Kg7 27.Kg2 Rad8 28.Nf3 Bc5 29.Rd1 Rxd1
30.Bxd1 Nd7 31.Bc2 Ba7 32.Nh2 Qc6 33.Qf3 f6 34.Ng4 h5 35.Ne3 Nc5 36.Nd5 Nab3
37.Be3 f5 38.Bg5 Rd7 39.Rd1 fxe4 40.Bh6+ Kxh6 41.Qf8+ Rg7 42.Ne7 Qe6 43.Qh8+  1-0

[Event "CellaVision Cup 2017"]
[Site "Lund SWE"]
[Date "2017.08.04"]
[Round "1.1"]
[White "Shirov,A"]
[Black "Andersson,L"]
[Result "0-1"]
[WhiteElo "2648"]
[BlackElo "2005"]

1.e4 d6 2.d4 Nf6 3.Nc3 g6 4.f4 Bg7 5.Nf3 O-O 6.Bd3 Na6 7.e5 Ng4 8.h3 Nh6
9.g4 c5 10.Be3 cxd4 11.Bxd4 Nc5 12.Bxc5 dxc5 13.Qe2 Qa5 14.O-O-O Be6 15.a3 Rfc8
16.Ng5 c4 17.Be4 Rab8 18.Nxe6 fxe6 19.Rd7 b5 20.Qf2 Rb6 21.Rhd1 b4 22.axb4 Qxb4
23.Rd8+ Rxd8 24.Rxd8+ Bf8 25.Qd4 Qxb2+ 26.Kd2 Nf7 27.Ra8 Qa1 28.Qxc4 Qg1
29.Qc8 Qf2+ 30.Ne2  0-1

[Event "CellaVision Cup 2017"]
[Site "Lund SWE"]
[Date "2017.08.04"]
[Round "3.1"]
[White "Shirov,A"]
[Black "Das,Say"]
[Result "1-0"]
[WhiteElo "2648"]
[BlackElo "2436"]

1.e4 e6 2.d4 d5 3.e5 c5 4.c3 Nc6 5.Nf3 Qb6 6.a3 Nge7 7.dxc5 Qc7 8.b4 Ng6
9.Be2 Ngxe5 10.Nd4 a6 11.f4 Nd7 12.O-O Be7 13.f5 e5 14.Nc2 Nf6 15.Bg5 Qd8
16.Ne3 d4 17.Nc4 e4 18.Bxf6 gxf6 19.Nbd2 dxc3 20.Nxe4 Qd4+ 21.Qxd4 Nxd4 22.Ned6+ Bxd6
23.Nxd6+ Kd7 24.Bd3 Kc7 25.Rf4 Nc6 26.Rc1 Ne5 27.Be4 Rb8 28.Rxc3 Bd7 29.Bd5 Rhf8
30.Ne4 Rbd8 31.Nxf6 Bb5 32.Re3 Nc6 33.Rh3 Ne7 34.Bf3  1-0

[Event "CellaVision Cup 2017"]
[Site "Lund SWE"]
[Date "2017.08.04"]
[Round "4.1"]
[White "Hillarp Persson,T"]
[Black "Shirov,A"]
[Result "0-1"]
[WhiteElo "2522"]
[BlackElo "2648"]

1.d4 d5 2.c4 c6 3.Nf3 Nf6 4.Nc3 e6 5.e3 Nbd7 6.a3 Bd6 7.g4 O-O 8.g5 Ne4 9.Nxe4 dxe4
10.Nd2 f5 11.gxf6 Nxf6 12.Bg2 e5 13.dxe5 Bxe5 14.Nxe4 Qxd1+ 15.Kxd1 Nxe4
16.Bxe4 Rxf2  0-1

[Event "CellaVision Cup 2017"]
[Site "Lund SWE"]
[Date "2017.08.05"]
[Round "5.1"]
[White "Shirov,A"]
[Black "Vishnu,P"]
[Result "1-0"]
[WhiteElo "2648"]
[BlackElo "2538"]

1.e4 c5 2.Nf3 Nc6 3.Bb5 g6 4.O-O Bg7 5.c3 Nf6 6.Re1 O-O 7.h3 Qb6 8.Na3 Rd8
9.e5 Ne8 10.d4 cxd4 11.cxd4 d6 12.Bg5 dxe5 13.Bxc6 bxc6 14.Bxe7 Rd5 15.Nc4 Qb7
16.Ba3 Be6 17.Ncxe5 c5 18.Bxc5 Qxb2 19.Nc6 Rd7 20.Nfe5 Rc7 21.Ne7+ Rxe7 22.Bxe7 Bd5
23.Bc5 Nc7 24.Nd3 Qb5 25.Nf4 Bc4 26.Qf3 Rd8 27.Rab1  1-0

[Event "CellaVision Cup 2017"]
[Site "Lund SWE"]
[Date "2017.08.05"]
[Round "6.1"]
[White "Dziuba,M"]
[Black "Shirov,A"]
[Result "1/2-1/2"]
[WhiteElo "2568"]
[BlackElo "2648"]

1.d4 d5 2.c4 c6 3.Nf3 Nf6 4.e3 Bg4 5.Qb3 Qc7 6.Ne5 Be6 7.Nc3 dxc4 8.Bxc4 Bxc4
9.Qxc4 e6 10.e4 Nbd7 11.Nf3 Be7 12.O-O O-O 13.Bg5 e5 14.Bxf6 Bxf6 15.d5 Nb6
16.Qb3 cxd5 17.Nxd5 Nxd5 18.Qxd5 Rac8 19.h3 Rfd8 20.Qb3 Qc6 21.Rfe1 h6 22.Re3  1/2-1/2

[Event "Riga Tech Open A 2017"]
[Site "Riga LAT"]
[Date "2017.08.08"]
[Round "2.2"]
[White "Shirov,A"]
[Black "Krivonosov,O"]
[Result "1/2-1/2"]
[WhiteElo "2648"]
[BlackElo "2397"]

1.e4 e5 2.Bc4 Nf6 3.d3 Nc6 4.Nc3 Na5 5.Bb3 Nxb3 6.axb3 d5 7.exd5 Bb4 8.Nf3 Nxd5
9.Bd2 Nxc3 10.Bxc3 Bxc3+ 11.bxc3 O-O 12.O-O f6 13.Qe2 Bg4 14.Ra4 Bd7 15.Rh4 Bc6
16.Nd2 Qe8 17.Nc4 a5 18.Ne3 a4 19.bxa4 Rxa4 20.c4 Ra5 21.Nf5 b6 22.d4 Bd7
23.Ne3 exd4 24.Rxd4 Bc6 25.Rfd1 Re5 26.h3 h6 27.Qd2 Qg6 28.Rg4 Rg5 29.Qd4 Re8
30.Qf4 Re7 31.Rd8+ Kh7 32.Rc8 h5 33.Rxg5  1/2-1/2

[Event "Riga Tech Open A 2017"]
[Site "Riga LAT"]
[Date "2017.08.08"]
[Round "3.27"]
[White "Harsha,B"]
[Black "Shirov,A"]
[Result "1/2-1/2"]
[WhiteElo "2404"]
[BlackElo "2648"]

1.d4 d5 2.c4 c6 3.Nc3 Nf6 4.Nf3 e6 5.e3 Nbd7 6.Qc2 Bd6 7.Bd3 O-O 8.O-O dxc4
9.Bxc4 b5 10.Bd3 Bb7 11.a3 Qe7 12.Ng5 h6 13.Nge4 Nxe4 14.Nxe4 c5 15.Bxb5 cxd4
16.Bxd7 Qxd7 17.Nxd6 Qxd6 18.exd4 Qd5 19.f3 Qxd4+ 20.Qf2 Qxf2+ 21.Rxf2 a5
22.a4 Rfc8 23.Bd2 Rc4 24.b3 Rd4 25.Be1 Bd5 26.Rb2 Rb8 27.Bxa5 Rxb3 28.Rxb3 Bxb3
29.Bb6 Rxa4 30.Rxa4 Bxa4  1/2-1/2

[Event "Riga Tech Open A 2017"]
[Site "Riga LAT"]
[Date "2017.08.11"]
[Round "7.7"]
[White "Meskovs,N"]
[Black "Shirov,A"]
[Result "1/2-1/2"]
[WhiteElo "2495"]
[BlackElo "2648"]

1.Nf3 d5 2.g3 g6 3.Bg2 Bg7 4.d4 Nf6 5.O-O O-O 6.c4 c6 7.Qb3 Qb6 8.Nc3 Bf5
9.Qxb6 axb6 10.cxd5 Nxd5 11.Nxd5 cxd5 12.Bd2 Nc6 13.e3 Rfc8 14.Rfc1  1/2-1/2

[Event "Riga Tech Open A 2017"]
[Site "Riga LAT"]
[Date "2017.08.12"]
[Round "8.7"]
[White "Shirov,A"]
[Black "Lugovskoy,M"]
[Result "0-1"]
[WhiteElo "2648"]
[BlackElo "2440"]

1.e4 e6 2.d4 d5 3.e5 c5 4.c3 Nc6 5.Nf3 Nh6 6.Bd3 cxd4 7.Bxh6 gxh6 8.cxd4 Qb6
9.Nc3 Qxb2 10.Nb5 Qb4+ 11.Kf1 Qa5 12.g3 a6 13.Nd6+ Bxd6 14.exd6 Qa3 15.Kg2 Qxd6
16.Qd2 f6 17.Qxh6 Qf8 18.Qe3 Qf7 19.Rab1 O-O 20.Rb6 Qc7 21.Rhb1 e5 22.dxe5 fxe5
23.Ng5 e4 24.Bc2 Qe5 25.Bb3 Kh8 26.Qc5 Bg4 27.Qxd5 Qxd5 28.Bxd5 Rf5 29.Nf7+ Kg7
30.Rxb7 Bf3+ 31.Kg1 Rxd5 32.Ne5+ Kf6 33.Nxc6 Rd2 34.R7b6 Kg7 35.Ne5 Rad8
36.Rb7+ Kf6 37.Nxf3 exf3 38.R1b6+ Ke5 39.Re7+ Kd5 40.Re1 Re8 41.Rf1 Rxa2
42.Rb3 Rf8 43.h3 a5 44.Kh2 a4 45.Rb7 Ra8 46.Rxh7 a3 47.g4 Rb2 48.Kg3 a2 49.Rd7+ Ke6
50.Rdd1 Rab8 51.Rfe1+ Kf7 52.Rd7+ Kf8 53.Ree7 Re2 54.Rf7+ Ke8 55.Ra7 a1=Q
56.Rxa1 Kxf7 57.Kxf3 Rbb2 58.Rf1 Rec2 59.Kg3 Kf6 60.h4 Ra2 61.Kg2 Re2 62.Kf3 Ke5
63.Kg3 Ke4 64.f3+ Ke5 65.Rg1 Kf6 66.Kh3 Rh2+ 67.Kg3 Rab2 68.Ra1 Rbg2+ 69.Kf4 Rxh4
70.Ra6+ Ke7 71.Ra7+ Kd6 72.Ra6+ Kc5 73.Ra5+ Kc6 74.Ra6+ Kb7 75.Rf6 Rh8 76.Kf5 Rg8
77.Rf7+ Kc6 78.Rf6+ Kd7 79.Rf7+ Ke8 80.Ra7 Rf8+ 81.Kg6 Rxf3 82.g5 Rd3 83.Ra5 Ke7
84.Kg7 Rd7 85.Kh6 Kf7  0-1

[Event "14th Avicenna Open 2017"]
[Site "Hamedan IRI"]
[Date "2017.08.21"]
[Round "1.1"]
[White "Shirov,A"]
[Black "Ghorbani,H"]
[Result "1/2-1/2"]
[WhiteElo "2648"]
[BlackElo "2233"]

1.e4 c5 2.Nf3 Nc6 3.Bb5 e6 4.O-O Nge7 5.d4 cxd4 6.Nxd4 Nxd4 7.Qxd4 a6 8.Ba4 b5
9.Bb3 Nc6 10.Qc3 Qf6 11.Qxf6 gxf6 12.Be3 Bb7 13.Nd2 h5 14.a4 b4 15.a5 h4
16.f4 Rh5 17.Nc4 Bc5 18.f5 Bxe3+ 19.Nxe3 Ke7 20.Bc4 Ne5 21.Be2 Rg5 22.Rf4 h3
23.g4 Bc6 24.Bf1 Rag8 25.Bxh3 b3 26.cxb3 Nd3 27.Rf3 Bxe4 28.Rg3 exf5 29.Nxf5+ Bxf5
30.gxf5 Rxg3+ 31.hxg3 Rxg3+ 32.Kh2 Re3 33.Bf1 d5 34.Ra4 Nc5 35.Rd4 Rxb3 36.Rxd5 Rxb2+
37.Kh3 Rc2 38.Kg4 Rc1 39.Be2 Nb3 40.Bxa6 Ra1 41.Bb5 Rxa5 42.Rd7+ Kf8 43.Bc4 Ra4
44.Rxf7+ Ke8 45.Rxf6  1/2-1/2